000 00964cam a2200277 i 4500
001 18087874
003 SISC
005 20160819105314.0
008 140331s2014 ne b 001 0 eng
010 _a 2014012003
020 _a9780124115705
040 _aDLC
_beng
_cDLC
_erda
_dDLC
042 _apcc
050 0 0 _aG 156.5.S43
_b.T37 2014
082 0 0 _a910.68/4
100 1 _aTarlow, Peter E.
245 1 0 _aTourism security :
_bstrategies for effectively managing travel risk and safety /
_cby Peter E. Tarlow.
260 _aAmsterdam :
_bElsevier,
_c2014.
300 _axxix, 278 pages ;
_c24 cm.
500 _aIncludes bibliographical references and index.
650 0 _aTourism
_xSecurity measures.
650 0 _aTourism
_xRisk management.
906 _a7
_bcbc
_corignew
_d1
_eecip
_f20
_gy-gencatlg
942 _2lcc
_cBK
_kFOR
999 _c288886
_d288886